[Event "Bagnara Calabra op-B"]
[Site "Bagnara Calabra"]
[Date "2008.01.05"]
[Round "5"]
[White "Cannataro, Luciano"]
[Black "Russo, Biagio"]
[Result "1-0"]
[WhiteElo "1891"]
[BlackElo "1407"]
[PlyCount "67"]
[EventDate "2008.01.02"]
[EventType "swiss"]
[EventRounds "7"]
[EventCountry "ITA"]
[SourceTitle "EXT 2009"]
[Source "ChessBase"]
[SourceDate "2008.11.26"]
[SourceVersion "1"]
[SourceVersionDate "2008.11.26"]
[SourceQuality "1"]

1. d4 e6 2. c4 c5 3. e3 Nf6 4. Nf3 Nc6 5. Bd3 cxd4 6. exd4 Nb4 7. 0-0 Nxd3 8. Qxd3 d5 9. c5 b6 10. b4 Bd7 11. Ne5 bxc5 12. dxc5 Qc7 13. Bb2 Be7 14. Nd2 a6 15. Nxd7 Qxd7 16. Nf3 h6 17. Ne5 Qc7 18. Rac1 0-0 19. Bd4 Nd7 20. Qg3 f6 21. Nxd7 Qxd7 22. f4 Bd8 23. Rc3 Bc7 24. Qg4 Rad8 25. Rh3 e5 26. f5 Kh8 27. Be3 Rf7 28. Rff3 Re8 29. Rh5 Ree7 30. Qg6 d4 31. Rg3 Rf8 32. Bxh6 gxh6 33. Qxh6+ Rh7 34. Qxf8# 1-0

[Event "Bagnara Calabra op-B"]
[Site "Bagnara Calabra"]
[Date "2008.01.02"]
[Round "1"]
[White "Cannataro, Luciano"]
[Black "Musico, Guglielmo"]
[Result "0-1"]
[WhiteElo "1891"]
[BlackElo "1548"]
[PlyCount "98"]
[EventDate "2008.01.02"]
[EventType "swiss"]
[EventRounds "7"]
[EventCountry "ITA"]
[SourceTitle "EXT 2009"]
[Source "ChessBase"]
[SourceDate "2008.11.26"]
[SourceVersion "1"]
[SourceVersionDate "2008.11.26"]
[SourceQuality "1"]

1. d4 g6 2. c4 Bg7 3. Nc3 d6 4. e4 Nf6 5. f3 0-0 6. Be3 Nbd7 7. Qd2 c5 8. d5 Ne5 9. 0-0-0 a6 10. Bh6 b5 11. Bxg7 Kxg7 12. f4 Nxc4 13. Bxc4 bxc4 14. e5 Nd7 15. Nf3 Qa5 16. h4 Nb6 17. h5 Na4 18. hxg6 fxg6 19. f5 Bxf5 20. e6 Rh8 21. Nxa4 Qxa4 22. Qc3+ Kg8 23. a3 Qb3 24. Qxb3 cxb3 25. Rh6 Bg4 26. Rd3 Bxf3 27. Rxf3 Kg7 28. Rh4 Rhf8 29. Rfh3 h5 30. g4 Rf1+ 31. Kd2 Rf2+ 32. Kc3 Rf4 33. gxh5 Rxh4 34. Rxh4 g5 35. Rh1 Rf8 36. h6+ Kh7 37. Kxb3 g4 38. Rg1 Rf3+ 39. Kc2 g3 40. Kd2 Kxh6 41. Ke2 Rb3 42. Kf1 Kg6 43. Kg2 Kf6 44. Re1 Rxb2+ 45. Kxg3 Rb3+ 46. Kf4 Rxa3 47. Rc1 Ra4+ 48. Ke3 Ke5 49. Kf3 a5 0-1

[Event "CS Province-ch"]
[Site "Amantea"]
[Date "2007.01.06"]
[Round "2"]
[White "Bellisario, Carlo"]
[Black "Cannataro, Luciano"]
[Result "1/2-1/2"]
[WhiteElo "1658"]
[BlackElo "1876"]
[PlyCount "41"]
[EventDate "2007.01.05"]
[EventType "swiss"]
[EventRounds "5"]
[EventCountry "ITA"]
[SourceTitle "EXT 2010"]
[Source "ChessBase"]
[SourceDate "2010.11.25"]
[SourceVersion "1"]
[SourceVersionDate "2010.11.25"]
[SourceQuality "1"]

1. c4 Nf6 2. Nc3 g6 3. g3 c5 4. Bg2 Nc6 5. Nf3 Bg7 6. 0-0 0-0 7. a3 b6 8. d4 Bb7 9. d5 Nd4 10. Nxd4 cxd4 11. Nb5 e5 12. Nd6 Ba6 13. Qa4 Qc7 14. Nxf7 Qxc4 15. Qxc4 Bxc4 16. Nxe5 Bxd5 17. Bxd5+ Nxd5 18. Nd3 Rac8 19. Bd2 Rc2 20. Rfd1 Re8 21. Kf1 1/2-1/2